| 000 | 00641nam a2200205 i 4500 | ||
|---|---|---|---|
| 001 | 32384 | ||
| 003 | ES-MaACL | ||
| 005 | 20250928115958.0 | ||
| 007 | t| | ||
| 008 | 030131s1981 sp |||| | spa d | ||
| 100 | 1 |
_aBenito-Plaza, Constantino. _927685 |
|
| 245 | 1 | 0 |
_aAndariega de Dios _b: Santa Teresa de Jesús / _cConstantino Benito-Plaza ; ilustraciones, Teo Puebla. |
| 260 |
_a[Madrid] : _bEdiciones Paulinas, _c[1981] |
||
| 300 |
_a148 p. : _bil. ; _c29 cm. |
||
| 490 | 1 | _aColección joya | |
| 700 | 1 |
_aPuebla, Teo, _d1943- _9163263 |
|
| 830 | 0 |
_aColección joya _9181436 |
|
| 852 |
_aES-MaACL _jL-1559 |
||
| 999 |
_c32384 _d32384 |
||